000 00496nam a2200181Ia 4500
003 GCL
008 140319s9999 xx 000 0 ara d
040 _aGCL /
_cGCL
082 0 4 _a922.1
_bم أ
100 1 _aمحمد ثابت
245 1 0 _aاميرات وقصور /
_cمحمد ثابت
260 _a[S.N] :
_bد. ن
300 _a149 ص ؛
_c22 سم
650 0 4 _aالملكات - تراجم
650 0 4 _aالاميرة ديانا - تراجم
650 0 4 _aتشارلز
942 _2ddc
_cBK
999 _c9296
_d9296